| 000 | 01111cam a2200277 4500 | ||
|---|---|---|---|
| 008 | #DATE n2001 000 0 eng u | ||
| 020 | _a0582432235 | ||
| 035 | _a(Sirsi) u120192 | ||
| 041 | _aeng | ||
| 050 | _a692.8 | ||
| 100 | _aAshworth, Allan | ||
| 245 | _aContractual procedures in the construction industry. | ||
| 250 | _a4th ed. | ||
| 260 |
_bLongman _c2001 |
||
| 300 | _axxiii,421p. ; 24cm. | ||
| 350 | _a25.99 | ||
| 520 | _aCovers principles involved in contractual and procurement arrangements in the construction industry. Aimed at both students and practitioners. The different forms of contract are listed, with the main forms being considered in greater detail. Procurement in the 21st century, lean construction, and design and build have been added to this edition | ||
| 520 | _aSuperseded by 5th edition (ISBN 0131298275) | ||
| 650 | _aBUILT ENVIRONMENT-BUILDING CONTRACT FORMS | ||
| 650 | _aCONTRACT LAW | ||
| 650 | _aDESIGN AND BUILD | ||
| 650 | _aLEAN CONSTRUCTION | ||
| 650 | _aProcurement-old | ||
| 690 | _aBUILT ENVIRONMENT-BUILDING CONTRACT FORMS | ||
| 942 | _n0 | ||
| 999 |
_c102504 _d102504 |
||